[Event "QA-ANNIV-03"]
[Site "http://www.queenalice.com/game.php?id=316076"]
[Date "2007.12.6"]
[Round "4"]
[White "Narz"]
[Black "jamesc"]
[Result "1-0"]
[WhiteElo "2018"]
[BlackElo "1795"]

1. e4 e5 2. Nf3 Nc6 3. Bc4 Bc5 4. c3 Nf6 5. d4 exd4 6. cxd4 Bb4+ 7. Bd2 Bxd2+ 8.
Nbxd2 d6 9. O-O O-O 10. Rc1 Bg4 11. Qc2 a6 12. a3 h6 13. h3 Bh5 14. Nh4 Nxd4 15.
Qb1 Ne2+ 16. Bxe2 Bxe2 17. Rfe1 Bb5 18. Nf5 c5 19. Nf3 Bc6 20. Rcd1 Ne8 21. Ne5
Qc7 22. Nxc6 bxc6 23. Qd3 Rd8 24. Qxa6 f6 25. Qxc6 Rf7 26. Qd5 Kh7 27. Rd3 g6
28. Ne3 h5 29. Nc4 Re7 30. g4 hxg4 31. hxg4 Qd7 32. Rh3+ Kg7 33. f3 Nc7 34. Qd2
g5 35. Qh2 Kf7 36. Rd1 d5 37. Rh7+ Ke6 38. exd5+ Nxd5 39. Qe2+ 1-0

[Event "CFC 2nd Annual"]
[Site "http://www.queenalice.com/game.php?id=321971"]
[Date "2007.12.17"]
[Round "3"]
[White "Spock"]
[Black "Narz"]
[Result "0-1"]
[WhiteElo "1692"]
[BlackElo "2025"]

1. e4 c5 2. Nf3 Nc6 3. d4 cxd4 4. Nxd4 Nf6 5. Nc3 g6 6. Bg5 Bg7 7. Qe2 Nxd4 8.
Qd3 Nc6 9. O-O-O O-O 10. Be2 d6 11. h3 Ne5 12. Qg3 Qc7 13. f4 Nc4 14. Bxf6 exf6
15. Nb5 Qc5 16. Rd5 Qe3+ 17. Qxe3 Nxe3 18. Rxd6 Nxg2 19. Nc7 Bh6 20. Nxa8 Bxf4+
21. Rd2 Be6 22. Nc7 Bxc7 23. Bf3 Nh4 24. Bg4 Bf4 25. a4 Rd8 26. Rd1 Bxg4 27.
hxg4 Nf3 0-1

[Event "The 88-35 challenge"]
[Site "http://www.queenalice.com/game.php?id=322270"]
[Date "2007.12.18"]
[Round "-"]
[White "Twinigo"]
[Black "Narz"]
[Result "1-0"]
[WhiteElo "2034"]
[BlackElo "2029"]

1. e4 c5 2. Nf3 Nc6 3. d4 cxd4 4. Nxd4 Nf6 5. Nc3 g6 6. Bg5 Bg7 7. Nxc6 bxc6 8.
f3 Qc7 9. Qd2 O-O 10. Bc4 a5 11. h4 Qg3+ 12. Qf2 Nxe4 13. Nxe4 Qe5 14. Be2 Qxb2
15. O-O Qxc2 16. Bxe7 Re8 17. Bf6 d5 18. Bxg7 Kxg7 19. Qd4+ Kf8 20. Bd3 Rxe4 21.
Qh8+ 1-0

[Event "A-O SE invitionl"]
[Site "http://www.queenalice.com/game.php?id=323237"]
[Date "2007.12.20"]
[Round "1"]
[White "MadScot"]
[Black "Narz"]
[Result "0-1"]
[WhiteElo "1805"]
[BlackElo "2028"]

1. e4 c5 2. Nf3 Nc6 3. Bb5 g6 4. O-O Bg7 5. Re1 Nf6 6. e5 Ng4 7. d4 cxd4 8. Bf4
O-O 9. h3 Nh6 10. Qd2 Nf5 11. g4 a6 12. Bxc6 dxc6 13. gxf5 Bxf5 14. Nxd4 Bxh3
15. Nf3 Qc8 16. Nh2 Qf5 17. Nc3 g5 18. Bg3 h5 19. f3 h4 20. Bf2 Bxe5 21. Ne4 f6
22. c3 Bxh2+ 23. Kxh2 Qxf3 24. Bd4 Bf5 25. Qg2 Qxg2+ 26. Kxg2 Bxe4+ 27. Rxe4 e5
28. Bc5 Rfd8 29. Kh3 Rd3+ 30. Re3 Rad8 31. Re1 Kf7 32. Kg4 Kg6 33. Bb6 Rxe3 34.
Rxe3 Rd2 35. b4 Rxa2 36. Rd3 f5+ 37. Kh3 Kh5 0-1

[Event "rematch"]
[Site "http://www.queenalice.com/game.php?id=325485"]
[Date "2007.12.25"]
[Round "-"]
[White "Narz"]
[Black "Nelson"]
[Result "0-1"]
[WhiteElo "2013"]
[BlackElo "2239"]

1. e4 c6 2. d4 d5 3. Nc3 dxe4 4. Nxe4 Bf5 5. Bd3 Qxd4 6. Nf3 Qd5 7. Qe2 e6 8.
Bf4 Nf6 9. Nxf6+ gxf6 10. Bc4 Qa5+ 11. c3 Nd7 12. Nd4 Bg6 13. O-O e5 14. Bg3
O-O-O 15. b4 Qa3 16. Nb3 Nb6 17. f4 Nxc4 18. Qxc4 Bh6 19. fxe5 Be3+ 20. Kh1 Qb2
21. exf6 Rhe8 22. Na5 Be4 23. Bf2 Bxf2 24. Qxf7 Bxg2+ 25. Kxg2 Bg3+ 26. Kxg3
Rd3+ 27. Rf3 Rxf3+ 28. Kxf3 Qe2+ 29. Kf4 Re4+ 0-1

[Event "Challenge"]
[Site "http://www.queenalice.com/game.php?id=325564"]
[Date "2007.12.25"]
[Round "-"]
[White "yalokin"]
[Black "Narz"]
[Result "0-1"]
[WhiteElo "1859"]
[BlackElo "2013"]

1. d4 d5 2. c4 c6 3. Nc3 e6 4. cxd5 cxd5 5. Bf4 Bd6 6. Qd2 a6 7. Nf3 Nf6 8. Bxd6
Qxd6 9. g3 Nc6 10. e3 Bd7 11. Bg2 O-O 12. O-O Rac8 13. Rac1 Rc7 14. a3 Rfc8 15.
Rfe1 Na5 16. Qd1 Nc4 17. Qc2 Nxa3 18. Qd3 Nb5 19. Re2 Nxc3 20. Rxc3 Bb5 21. Rxc7
Rxc7 22. Qd1 Bxe2 23. Qxe2 Qc6 24. Ng5 Qc2 25. Qf3 Qxb2 26. Qf4 Qc1+ 27. Bf1 h6
28. Nf3 Ne4 29. Ne5 f6 30. Ng4 Nd2 31. Nxh6+ Kh7 32. h4 Qxf1+ 33. Kh2 Rc1 0-1

[Event "Challenge #4"]
[Site "http://www.queenalice.com/game.php?id=325644"]
[Date "2007.12.25"]
[Round "-"]
[White "Gil"]
[Black "Narz"]
[Result "1-0"]
[WhiteElo "2191"]
[BlackElo "2039"]

1. d4 d5 2. e3 Bf5 3. c4 c6 4. Nc3 Nf6 5. Nf3 e6 6. Be2 Nbd7 7. Nh4 Bg6 8. c5 e5
9. O-O Be7 10. f3 Ng8 11. Nxg6 hxg6 12. b4 a6 13. g3 Ngf6 14. Bb2 exd4 15. exd4
Nf8 16. Na4 N6d7 17. a3 Ne6 18. Qd3 b5 19. cxb6 Nxb6 20. Qc2 Qc7 21. Nc5 Qd6 22.
Bxa6 Nxc5 23. dxc5 Qd7 24. Bxg7 Rh7 25. Bd4 1-0

[Event "Challenge #5"]
[Site "http://www.queenalice.com/game.php?id=325645"]
[Date "2007.12.25"]
[Round "-"]
[White "Narz"]
[Black "Gil"]
[Result "0-1"]
[WhiteElo "2035"]
[BlackElo "2226"]

1. e4 c5 2. c3 d5 3. exd5 Qxd5 4. d4 Nf6 5. Nf3 Bg4 6. Be2 e6 7. O-O Nc6 8. c4
Qf5 9. Be3 O-O-O 10. d5 exd5 11. cxd5 Rxd5 12. Qb3 Ne5 13. Nbd2 Bd6 14. Rac1 Re8
15. Nxe5 Bxe2 16. Nxf7 Bc7 17. Rfe1 Bh5 18. Ng5 Rxe3 19. Qxe3 Bxh2+ 20. Kh1 Bf4
0-1

[Event "tehan"]
[Site "http://www.queenalice.com/game.php?id=329792"]
[Date "2008.1.2"]
[Round "4"]
[White "Narz"]
[Black "tehan"]
[Result "1-0"]
[WhiteElo "2009"]
[BlackElo "2058"]

1. e4 c5 2. c3 d5 3. exd5 Qxd5 4. d4 cxd4 5. cxd4 Nc6 6. Nf3 Bg4 7. Be2 e6 8.
O-O Nf6 9. Nc3 Qd7 10. Bf4 a6 11. Re1 Bb4 12. Rc1 O-O 13. Ne5 Nxe5 14. Bxe5 Bxe2
15. Qxe2 Qe7 16. Qf3 Ne8 17. Qg3 Bd6 18. d5 Bb4 19. a3 Bc5 20. Ne4 Bb6 21. d6
Qd8 22. d7 1-0

[Event "Challenge"]
[Site "http://www.queenalice.com/game.php?id=338340"]
[Date "2008.1.18"]
[Round "-"]
[White "quifaiquoi"]
[Black "Narz"]
[Result "1/2-1/2"]
[WhiteElo "2071"]
[BlackElo "2006"]

1. d4 d5 2. Nf3 Bf5 3. g3 Nf6 4. Bg2 e6 5. O-O c5 6. c3 Nc6 7. b3 Bd6 8. dxc5
Bxc5 9. Nbd2 e5 10. b4 Bd6 11. a3 Qd7 12. Re1 O-O 13. c4 e4 14. Nh4 Be6 15. Bb2
Be5 16. Bxe5 Nxe5 17. cxd5 Bxd5 18. Bh1 g5 19. Ng2 Qh3 20. Ne3 Neg4 21. Nxg4
Nxg4 22. Nf1 Rad8 23. Qc1 Qh5 24. Qc5 Bc6 25. Bg2 Rd5 26. Qc4 Rf5 27. h3 Nxf2
28. g4 Nxh3+ 29. Bxh3 Qxh3 30. gxf5 e3 31. Nxe3 Qxe3+ 32. Kf1 Qg3 33. e4 Qf3+
34. Kg1 Qg3+ 1/2-1/2

[Event "QA-ANNIV-03"]
[Site "http://www.queenalice.com/game.php?id=360822"]
[Date "2008.2.25"]
[Round "5"]
[White "AntonioMendonca"]
[Black "Narz"]
[Result "1-0"]
[WhiteElo "2083"]
[BlackElo "2027"]

1. d4 d5 2. c4 c6 3. Nf3 e6 4. g3 dxc4 5. Bg2 Nf6 6. O-O b5 7. a4 Bb7 8. Ne5 Qc7
9. Nc3 a6 10. Bf4 Bd6 11. axb5 cxb5 12. Nxf7 Bxf4 13. Bxb7 Qxb7 14. Nxh8 Bh6 15.
e4 Nbd7 16. e5 Ng8 17. Qh5+ g6 18. Nxg6 hxg6 19. Qxg6+ Ke7 20. Ne4 Rf8 21. Nd6
Qb6 22. Ra3 Qxd4 23. Qh7+ Kd8 24. Rxa6 Qxe5 25. Rd1 Ngf6 26. Qxh6 Ke7 27. Qg7+
1-0

[Event "Challenge"]
[Site "http://www.queenalice.com/game.php?id=361733"]
[Date "2008.2.26"]
[Round "-"]
[White "quifaiquoi"]
[Black "Narz"]
[Result "0-1"]
[WhiteElo "2154"]
[BlackElo "2035"]

1. d4 d5 2. Nf3 Bf5 3. g3 Nf6 4. Bg2 e6 5. O-O c5 6. Nbd2 Nc6 7. dxc5 Bxc5 8.
Nb3 Bb6 9. c3 e5 10. Bd2 Qd7 11. Re1 a5 12. a4 Ne4 13. e3 O-O-O 14. Rc1 Kb8 15.
Qe2 Bg4 16. Qb5 Ka7 17. c4 dxc4 18. Bxa5 Nxa5 19. Qxd7 Bxd7 20. Nxa5 Bxa5 21.
Nxe5 Bxe1 22. Bxe4 Rde8 23. Nxd7 Rxe4 24. Rxe1 b6 25. f4 f6 26. a5 bxa5 27. Ra1
Rxe3 28. Rxa5+ Kb7 29. Ra4 Kc6 30. Kf2 Re7 0-1

[Event "Challenge"]
[Site "http://www.queenalice.com/game.php?id=361734"]
[Date "2008.2.26"]
[Round "-"]
[White "Narz"]
[Black "quifaiquoi"]
[Result "1/2-1/2"]
[WhiteElo "2056"]
[BlackElo "2171"]

1. e4 c5 2. c3 Nc6 3. d4 cxd4 4. cxd4 g6 5. d5 Nb4 6. a3 Na6 7. Nc3 Bg7 8. Nf3
Nc5 9. Bd2 Qb6 10. b4 Na6 11. Rc1 d6 12. Bb5+ Bd7 13. Bxd7+ Kxd7 14. Qa4+ Kd8
15. Nb5 Nf6 16. Be3 Nc5 17. bxc5 dxc5 18. Bxc5 Qa6 19. Qxa6 bxa6 20. Nxa7 Nxe4
21. Nc6+ Kd7 22. Bxe7 Rhe8 23. O-O Rxe7 24. Nxe7 Kxe7 25. Rfe1 f5 26. Ng5 Kd6
27. Nxe4+ fxe4 28. Rcd1 Re8 29. f3 e3 30. Rd3 a5 31. g4 Bh6 32. h4 Bf4 33. Kg2
h6 34. Rd4 g5 35. h5 Rc8 36. Re2 Rc3 37. a4 Kc5 38. Rd1 Kd6 39. Rb2 Rc4 40. Rb6+
Kd7 41. Rb2 1/2-1/2

[Event "Challenge"]
[Site "http://www.queenalice.com/game.php?id=364008"]
[Date "2008.3.1"]
[Round "-"]
[White "Narz"]
[Black "hendrik"]
[Result "0-1"]
[WhiteElo "2009"]
[BlackElo "2247"]

1. e4 e5 2. Nf3 Nf6 3. d4 Nxe4 4. Bd3 d5 5. Nxe5 Nd7 6. Nxd7 Bxd7 7. O-O Bd6 8.
c4 c6 9. cxd5 cxd5 10. Qh5 O-O 11. Qxd5 Bc6 12. Qh5 g6 13. Qh3 Ng5 14. Bxg5 Qxg5
15. Nc3 Rae8 16. f4 Bxf4 17. d5 Re3 18. Rf3 Bd7 19. Qxd7 Rxf3 20. Be2 Rd8 21.
Qxd8+ Qxd8 22. Bxf3 Qb6+ 0-1

[Event "A-O SE invitionl"]
[Site "http://www.queenalice.com/game.php?id=369192"]
[Date "2008.3.11"]
[Round "2"]
[White "Narz"]
[Black "jamesc"]
[Result "1-0"]
[WhiteElo "2023"]
[BlackElo "1920"]

1. e4 c5 2. c3 d5 3. exd5 Qxd5 4. d4 c4 5. Bf4 b5 6. Be2 Bb7 7. Bf3 Qd7 8. Bxb7
Qxb7 9. Nf3 e6 10. O-O Nf6 11. Nbd2 Nbd7 12. Re1 Qd5 13. Ne5 Bd6 14. Ndf3 O-O
15. Nxd7 Nxd7 16. Bxd6 Qxd6 17. Ne5 Nxe5 18. Rxe5 a6 19. a3 f6 20. Re3 Rad8 21.
Qg4 f5 22. Qe2 Rf6 23. Re1 Re8 24. Re5 Kf7 25. Qh5+ Kf8 26. d5 h6 27. dxe6 Rexe6
28. Rxe6 Rxe6 29. Qxf5+ Ke7 30. Rxe6+ Qxe6 31. Qxe6+ Kxe6 32. f3 Kf5 33. Kf2 g5
34. Ke3 Ke5 35. g3 h5 36. h4 gxh4 37. gxh4 Kf5 38. f4 a5 39. Kf3 a4 40. Ke3 Kg4
41. Ke4 Kxh4 42. f5 Kg5 43. Ke5 Kh6 44. f6 Kh7 45. Ke6 Kg8 46. Ke7 1-0

[Event "CFC 2nd Annual"]
[Site "http://www.queenalice.com/game.php?id=376661"]
[Date "2008.3.25"]
[Round "4"]
[White "Narz"]
[Black "Tenna"]
[Result "1-0"]
[WhiteElo "2061"]
[BlackElo "1682"]

1. e4 c5 2. c3 Nf6 3. e5 Nd5 4. d4 cxd4 5. cxd4 e6 6. Nf3 Nc6 7. a3 d6 8. Bd3
Qc7 9. exd6 Bxd6 10. O-O a6 11. Re1 b5 12. Ng5 h6 13. Qh5 Nf6 14. Qh4 Nxd4 15.
Nxf7 Bxh2+ 16. Qxh2 Qxh2+ 17. Kxh2 Kxf7 18. Be3 Nb3 19. Ra2 Nd5 20. Nd2 Nxe3 21.
Nxb3 Ng4+ 22. Kg3 h5 23. Nc5 e5 24. b4 h4+ 25. Kf3 Rh5 26. Rc2 Nh2+ 27. Ke2 h3
28. Be4 Ra7 29. Nd3 Ng4 30. Rxc8 h2 31. Rh1 Rd7 32. Bf3 Rxd3 33. Bxg4 1-0

[Event "QA-ANNIV-03"]
[Site "http://www.queenalice.com/game.php?id=385488"]
[Date "2008.4.10"]
[Round "6"]
[White "Narz"]
[Black "allazzarini"]
[Result "0-1"]
[WhiteElo "2063"]
[BlackElo "2071"]

1. e4 e5 2. Nf3 Nc6 3. Bc4 Bc5 4. c3 Nf6 5. d4 exd4 6. cxd4 Bb4+ 7. Nc3 Nxe4 8.
O-O Bxc3 9. d5 O-O 10. bxc3 Na5 11. Bd3 Nf6 12. c4 d6 13. Bg5 h6 14. Bh4 Bg4 15.
Qc2 c6 16. h3 Bxf3 17. gxf3 g5 18. Bg3 cxd5 19. f4 dxc4 20. Be2 Qd7 21. h4 gxh4
22. Bxh4 Nd5 23. Qd2 Qb5 24. Rad1 c3 25. Qxd5 Qxe2 26. Qxa5 Rac8 0-1

[Event "BOARD 1, DIV B"]
[Site "http://www.queenalice.com/game.php?id=385629"]
[Date "2008.4.11"]
[Round "2"]
[White "mad_knight"]
[Black "Narz"]
[Result "1/2-1/2"]
[WhiteElo "2034"]
[BlackElo "2047"]

1. e4 c5 2. Nf3 Nc6 3. d4 cxd4 4. Nxd4 g6 5. Nc3 Bg7 6. Be3 Nf6 7. Bc4 O-O 8.
Bb3 a5 9. f3 d5 10. Bxd5 Nxd5 11. Nxd5 Nxd4 12. Bxd4 e6 13. Bxg7 Kxg7 14. Nc3
Ra6 15. Qxd8 Rxd8 16. O-O Rd2 17. Rf2 Rad6 18. e5 Rxf2 19. exd6 Rxc2 20. Na4 Rc6
21. Rd1 Bd7 22. a3 e5 23. b4 axb4 24. axb4 Kf8 25. Nc5 Ke8 26. Nxb7 Rb6 27. Nc5
Rxb4 28. Ne4 h5 29. Ra1 Rc4 30. Nf6+ Kd8 31. Ra8+ Rc8 32. Ra7 Be6 1/2-1/2

[Event "Challenge"]
[Site "http://www.queenalice.com/game.php?id=396984"]
[Date "2008.5.2"]
[Round "-"]
[White "Narz"]
[Black "positionalgenius"]
[Result "0-1"]
[WhiteElo "2046"]
[BlackElo "1821"]

1. e4 c5 2. c3 d5 3. exd5 Qxd5 4. d4 cxd4 5. cxd4 Nc6 6. Nf3 Bg4 7. Be2 Bxf3 8.
Bxf3 Qa5+ 9. Nc3 e6 10. O-O Nf6 11. Bf4 Bb4 12. Rc1 O-O 13. Ne4 Nxe4 14. Bxe4
Rad8 15. a3 Be7 16. Bxc6 bxc6 17. Rxc6 Bf6 18. Bc7 Qb5 19. Rc5 Qd7 20. Bxd8 Rxd8
0-1

[Event "A-O SE invitionl"]
[Site "http://www.queenalice.com/game.php?id=422060"]
[Date "2008.6.23"]
[Round "3"]
[White "punkbass"]
[Black "Narz"]
[Result "0-1"]
[WhiteElo "1632"]
[BlackElo "2021"]

1. d4 d5 2. c4 c6 3. Nc3 e6 4. Bf4 dxc4 5. e4 b5 6. Nf3 Nf6 7. a3 a6 8. h3 Bb7
9. e5 Nd5 10. a4 Nxf4 0-1

[Event "CFC 2nd Annual"]
[Site "http://www.queenalice.com/game.php?id=422395"]
[Date "2008.6.24"]
[Round "5"]
[White "MadScot"]
[Black "Narz"]
[Result "0-1"]
[WhiteElo "1824"]
[BlackElo "2023"]

1. e4 c5 2. Nf3 Nc6 3. Bb5 g6 4. O-O Bg7 5. Re1 e5 6. Bxc6 dxc6 7. d3 Qe7 8. a4
Nf6 9. Nbd2 O-O 10. Nc4 Ne8 11. Be3 f6 12. h3 Be6 13. b3 Rd8 14. Qd2 Bf7 15.
Rad1 b6 16. Nh2 Nc7 17. f4 exf4 18. Bxf4 Ne6 19. Bg3 Nd4 20. Nf3 Rfe8 21. Qf2
Bh6 22. Nxd4 cxd4 23. Kh1 Bxc4 24. bxc4 Kg7 25. Rf1 Rf8 26. Bf4 Bxf4 27. Qxf4 f5
28. exf5 Rxf5 29. Qg4 Qd7 30. Rxf5 Qxf5 31. Qxf5 gxf5 32. Re1 Kf7 33. g3 Re8 34.
Rxe8 Kxe8 35. Kg2 Kd7 36. Kf3 Kd6 37. Kf4 Kc5 38. Kxf5 b5 39. axb5 cxb5 40. cxb5
Kxb5 41. g4 a5 42. g5 a4 43. g6 hxg6+ 44. Kxg6 a3 45. h4 a2 46. h5 a1=Q 47. h6
Qg1+ 48. Kf7 Qg5 49. h7 Qh6 50. Kg8 Qg6+ 51. Kh8 Kc6 0-1

[Event "BOARD 1, DIV B"]
[Site "http://www.queenalice.com/game.php?id=458316"]
[Date "2008.9.4"]
[Round "3"]
[White "Carlos75"]
[Black "Narz"]
[Result "1-0"]
[WhiteElo "2557"]
[BlackElo "2018"]

1. e4 c5 2. Nf3 Nc6 3. d4 cxd4 4. Nxd4 g6 5. Nc3 Bg7 6. Be3 Nf6 7. Be2 O-O 8. f4
d5 9. e5 Ne8 10. Nf3 Nc7 11. Qd2 Bf5 12. O-O-O e6 13. Bc5 Re8 14. Nd4 Nxd4 15.
Bxd4 a6 16. g4 Be4 17. Nxe4 dxe4 18. Kb1 f5 19. exf6 Bxf6 20. Qe3 Nd5 21. Qxe4
1-0

[Event "A-O SE invitionl"]
[Site "http://www.queenalice.com/game.php?id=464113"]
[Date "2008.9.16"]
[Round "4"]
[White "col"]
[Black "Narz"]
[Result "1-0"]
[WhiteElo "2103"]
[BlackElo "2031"]

1. e4 c5 2. Nc3 Nc6 3. f4 g6 4. Nf3 Bg7 5. Bb5 Nd4 6. O-O a6 7. Bd3 d6 8. Nxd4
cxd4 9. Ne2 Nf6 10. Kh1 Nd7 11. b4 O-O 12. Bb2 e5 13. c3 dxc3 14. Bxc3 Nf6 15.
Qe1 Re8 16. Qf2 Ng4 17. Qg3 Kh8 18. Bc2 h5 19. Rac1 b5 20. Bb3 Qe7 21. fxe5 Bxe5
22. Rxf7 Qd8 23. Bxe5+ Nxe5 24. Rcc7 Nxf7 25. Rxf7 Bg4 26. Nf4 Qg5 27. Qc3+ Re5
28. Qc7 Qh6 29. Qxd6 Rxe4 30. Qf6+ 1-0